000 00319nam a22001337a 4500
008 180130b xxu||||| |||| 00| 0 eng d
020 _a9780735524286
041 _aeng
080 _22nd
_a34
100 _a14
101 _aJUR
245 _aConstitutional law Principles and policies
_cChemerinsky,E
942 _2udc
_cBK
999 _c41207
_d41207